00385nam a2200145 a 450000100060000000300090000600800410001504000280005608200180008410000220010224500470012426000310017130000100020265000270021212759CO-ViMGA141112s2004 ck r 000 u spa d aCO-ViMGAbspacCO-ViMGA04a370.986 L69cl1 aLow, Maus Rodolfo10aCompendio del sistema educativo Colombiano aBogotá : bAndes, c1971 a141p.14aeducación COLOMBIANA